Osteuropa in Geschichte und Gegenwart. - Köln [u.a.] : Böhlau. - 1977 [Rezension]
| Titel: | Osteuropa in Geschichte und Gegenwart. - Köln [u.a.] : Böhlau. - 1977 [Rezension] |
|---|---|
| Verfasser: | |
| In: |
Zeitschrift für Ostforschung, Band 29 (1980), Seite 710-713 alle Artikel anzeigen |
| Veröffentlicht: | 1980 |
| Format: | Aufsatz |
| Sprache: | Deutsch |
X
alg: 39489598
001A $01999:12-11-16
001B $01999:03-08-21 $t21:05:56.000
001D $01999:12-11-16
001U $0utf8
001X $00
002@ $0Aox
003@ $0394895983
007A $0394895983 $aHEB
007T $0Herdc0040759m
010@ $ager
011@ $a1980
021A $aOsteuropa in Geschichte und Gegenwart. - Köln {[u.a.] : Böhlau. - 1977 [Rezension]
028A $#Meyer, Klaus $#Meyer, Klaus E. $7119209527 $8Meyer, Klaus$Z1928-2007 [Tp1] $9087549506
031A $d29 $h710-713 $j1980
039B $aIn $8--Abvc--. Zeitschrift für Ostforschung. - Marburg, L. : Verl. Herder-Inst., 1952-1994. - ISSN 0044-3239 $x198000000290000290 $9047249315
039T $8--Aau--. Osteuropa in Geschichte und Gegenwart. - Köln {[u.a.] : Böhlau, 1977. - IX, 461 S.. - Ill.. - ISBN 3-412-05976-5 $9026124149
045F $a900.9437 $eDDC23BSB
045F/01 $a900
045F/03 $g437
045T $a9,10
045T $aOST $qDE-12 $2FID
lok: 39489598 78
exp: 39489598 78 1 #EPN
201B/01 $018-11-16 $t13:04:19.000
201U/01 $0utf8
203@/01 $0791194566
208@/01 $a12-11-16 $be
209A/01 $a/ $f000 $x00
220C/01 $aTitelaufnehmer: wr;an
220C/01 $aHerkunft: HI Marburg
244Z/01 $2Trx $#Kesk- ja Ida- Euroopa kontseptsioonid $#Vidurio Europos koncepcijos $#East-Central Europe $#Keletközépeurópa-eszmék $#Europa Środkowo-Wschodnia koncepcje $#Európa stredovýchodná koncepcie $#Evropa střední, východní část koncepce $#Mitteleuropa $#Osteuropakonzeptionen $#Europa Środkowa koncepcje $#Stredná Európa koncepcie $#Střední Europa koncepce $8--Trx--Ostmitteleuropakonzeptionen $x01 $9391364286
244Z/01 $2Trx $#arvustused $#recenzijos $#Reviews $#recenziók $#recenzje $#recenzie $#recenze $8--Trx--Rezensionen $x02 $9391357441
247C/01 $82080>Marburg/Lahn, Herder-Institut, Forschungsbibliothek, Bibliographieportal $9336309341
| LEADER | 00000caa a22000002c 4500 | ||
|---|---|---|---|
| 001 | 394895983 | ||
| 003 | DE-603 | ||
| 005 | 20210803210556.0 | ||
| 007 | tu | ||
| 008 | 161112s1980 xx |||| | u00||u|ger c | ||
| 035 | |a (DE-599)HEB394895983 | ||
| 040 | |a DE-603 |b ger |c DE-603 |d DE-603 | ||
| 041 | |a ger | ||
| 082 | 0 | 4 | |8 1\u |a 900.9437 |q DE-101 |2 23/BSB |
| 084 | |a 9,10 |2 ssgn | ||
| 084 | |a OST |q DE-12 |2 fid | ||
| 085 | |8 1\u |b 900 | ||
| 085 | |8 1\u |z 2 |s 437 | ||
| 100 | 1 | |a Meyer, Klaus |d 1928-2007 |0 (DE-603)087549506 |0 (DE-588)119209527 |2 gnd | |
| 245 | 0 | 0 | |a Osteuropa in Geschichte und Gegenwart. - Köln [u.a.] : Böhlau. - 1977 [Rezension] |
| 264 | 0 | |c 1980 | |
| 773 | 0 | 8 | |i In |t Zeitschrift für Ostforschung |d Marburg, L. : Verl. Herder-Inst., 1952-1994 |x 0044-3239 |g Band 29 (1980), Seite 710-713 |w (DE-603)047249315 |w (DE-600)200048-9 |
| 787 | 0 | 8 | |i Rezension von |t Osteuropa in Geschichte und Gegenwart |d Köln [u.a.] : Böhlau, 1977 |h IX, 461 S., Ill. |z 3412059765 |w (DE-603)026124149 |
| 924 | 0 | |9 2080 |a (DE-603)791194566 |b DE-2080 |c HES |d d |g / | |


